[Event "Moscow-A"]
[Site "Moscow"]
[Date "1989.??.??"]
[Round "?"]
[White "Goldin, Alexander"]
[Black "Geller, Efim P"]
[Result "0-1"]
[WhiteElo "2535"]
[BlackElo "2480"]

1.d4 d5 2.c4 e6 3.Nc3 Be7 4.cxd5 exd5 5.Bf4 c6 6.Qc2 g6 7.e3 Bf5 8.Qd2 Nd7
9.f3 g5 10.Bg3 Bg6 11.e4 Ngf6 12.Bd3 dxe4 13.fxe4 Nh5 14.Nge2 Nxg3 15.Nxg3 Qb6
16.Nge2 Rd8 17.O-O-O Qa5 18.Kb1 b5 19.Nxb5 Qxd2 20.Nc7+ Kf8 21.Rxd2 Nb8 22.Ka1 Bb4
23.Rdd1 Ba5 24.Na6 Nxa6 25.Bxa6 Bxe4 26.Bd3 Bg6 27.Rhf1 Kg7 28.Bc4 Bb6 29.b3 Rhe8
30.Kb2 f5 31.g3 Re4 32.Kc3 Re3+ 33.Kb4 Bh5 34.Rd2 c5+ 35.Ka4 Be8+ 36.Bb5 Rxe2
37.Rxe2 Rxd4+ 38.Ka3 Bxb5 39.Re7+ Kf8 40.Rfe1 Ba5 41.R1e5 Rd2  0-1

[Event "Moscow-A"]
[Site "Moscow"]
[Date "1989.??.??"]
[Round "?"]
[White "Goldin, Alexander"]
[Black "Kharitonov, Andrei Y"]
[Result "1/2-1/2"]
[WhiteElo "2535"]
[BlackElo "2520"]

1.e4 c6 2.d4 d5 3.exd5 cxd5 4.c4 Nf6 5.Nc3 e6 6.Nf3 Bb4 7.Bd3 O-O 8.O-O dxc4
9.Bxc4 a6 10.a3 Bxc3 11.bxc3 b5 12.Bd3 Bb7 13.a4 Qd5 14.axb5 axb5 15.Rxa8 Bxa8
16.Qe2 Rc8 17.Bd2 Ne4 18.Bxe4 Qxe4 19.Qxe4 Bxe4 20.Ne5 Nc6 21.Nxc6 Bxc6  1/2-1/2

[Event "Moscow-A"]
[Site "Moscow"]
[Date "1989.??.??"]
[Round "?"]
[White "Fishbein, Alexander"]
[Black "Goldin, Alexander"]
[Result "1/2-1/2"]
[WhiteElo "2490"]
[BlackElo "2535"]

1.e4 e5 2.Nf3 Nc6 3.Bb5 a6 4.Ba4 Nf6 5.O-O Be7 6.Re1 b5 7.Bb3 d6 8.a4 Bg4
9.c3 O-O 10.h3 Bxf3 11.Qxf3 Na5 12.Ba2 b4 13.cxb4 Nc6 14.Qc3 Qd7 15.Bd5 Nxd5
16.exd5 Nd4 17.d3 c5 18.bxc5 dxc5 19.Nd2 Qxd5 20.Nc4 Rab8 21.Kh1 f6 22.Ra3 Rb4
23.Be3 Rfb8 24.Qc1 Nc6 25.a5 R8b5 26.Qd1 Rb8 27.Bd2 R4b5 28.Qg4 Nd4 29.Ne3 Qf7
30.Bc3 f5 31.Qd1 Rd8 32.Qa4 e4 33.dxe4 fxe4 34.Rf1 Rf8 35.Raa1 Bg5 36.Rad1 Ne2
37.Qxe4 Nxc3 38.bxc3 Rxa5 39.Ng4 Ra3 40.Qc6 Rxc3 41.Ne5 Qf5 42.f4 Bh4 43.Rd5 Qc8
44.Qb6 Rxh3+ 45.gxh3 Qxh3+ 46.Kg1 Qe3+ 47.Kh2 Qe2+ 48.Kg1  1/2-1/2

[Event "EUCup Novosibirsk"]
[Site "Novosibirsk"]
[Date "1989.??.??"]
[Round "?"]
[White "Goldin, Alexander"]
[Black "Dreev, Alexey"]
[Result "1/2-1/2"]
[WhiteElo "2535"]
[BlackElo "2520"]

1.d4 d5 2.c4 c6 3.Nf3 Nf6 4.Qc2 dxc4 5.Qxc4 Bf5 6.Nc3 Nbd7 7.g3 e6 8.Bg2 Be7
9.Qb3 Qb6 10.Nd2 O-O 11.Nc4 Qxb3 12.axb3 Bb4 13.Bf4 a5  1/2-1/2

[Event "EUCup Novosibirsk"]
[Site "Novosibirsk"]
[Date "1989.??.??"]
[Round "?"]
[White "Dreev, Alexey"]
[Black "Goldin, Alexander"]
[Result "1/2-1/2"]
[WhiteElo "2520"]
[BlackElo "2535"]

1.d4 Nf6 2.c4 e6 3.Nf3 d5 4.Nc3 Be7 5.Bg5 O-O 6.e3 Nbd7 7.Rc1 a6 8.cxd5 exd5
9.Bd3 Re8 10.O-O c6 11.Qc2 Nf8 12.Rce1 Ne4 13.Bxe7 Qxe7 14.Bxe4 dxe4 15.Nd2 f5
16.d5 Ng6 17.dxc6  1/2-1/2

[Event "GMA Baleares Open"]
[Site "Palma de Mallorca"]
[Date "1989.??.??"]
[Round "2"]
[White "Pachman, Ludek"]
[Black "Goldin, Alexander"]
[Result "0-1"]
[WhiteElo "2380"]
[BlackElo "2525"]

1.Nf3 d6 2.c4 e5 3.Nc3 Bg4 4.d4 Nd7 5.g3 Ngf6 6.Bg2 c6 7.O-O Be7 8.h3 Bh5
9.Nh4 Bg6 10.d5 Rc8 11.b3 O-O 12.Ba3 Qa5 13.Bb2 Ne8 14.Nxg6 hxg6 15.dxc6 bxc6
16.a3 Qa6 17.Rc1 Nc7 18.b4 Nb6 19.Bxc6 Nxc4 20.b5 Qa5 21.Ba1 Nxa3 22.Nd5 Nxd5
23.Qxd5 Rb8 24.Bc3 Qb6 25.Ra1 Nxb5 26.Bxb5 Qxb5 27.Qxb5 Rxb5 28.Rxa7 Re8
29.Rd1 Bf8 30.e3 Rc8 31.Ba5 Rc2 32.Rc7 Ra2 33.Bc3 f6 34.Rd7 Ra3 35.Be1 Rab3
36.Kf1 Rb7 37.Rxb7 Rxb7 38.g4 Kf7 39.e4 Rb3 40.Kg2 Ke6 41.f3 f5 42.Bf2 Be7
43.gxf5+ gxf5 44.Re1 Rb2 45.exf5+ Kxf5  0-1

[Event "GMA Baleares Open"]
[Site "Palma de Mallorca"]
[Date "1989.??.??"]
[Round "3"]
[White "Goldin, Alexander"]
[Black "Lautier, Joel"]
[Result "0-1"]
[WhiteElo "2525"]
[BlackElo "2465"]

1.d4 Nf6 2.c4 e6 3.Nc3 Bb4 4.Qc2 d5 5.cxd5 exd5 6.Bg5 h6 7.Bh4 c5 8.dxc5 g5
9.Bg3 Ne4 10.e3 Qf6 11.Bb5+ Bd7 12.Bxd7+ Nxd7 13.Ne2 Bxc3+ 14.bxc3 O-O 15.Rd1 Qe6
16.h4 g4 17.Bd6 Nxd6 18.cxd6 Qxd6 19.e4 Rae8 20.Rxd5 Qe6 21.Rd4 Nc5 22.O-O Nxe4
23.Nf4 Qf5 24.Nd5 Re5 25.c4 Rfe8 26.f3 gxf3 27.Rxf3 Qg6 28.h5 Qc6 29.Qd3 Qc5
30.Qe3 Ng5 31.Qf4 Nxf3+ 32.gxf3 R8e6 33.Kf1 Kg7 34.Qg4+ Rg5 35.Qf4 Qa5 36.Rd2 Qc5
37.Rg2 Rxg2 38.Kxg2 Qd6 39.Qg4+ Kf8 40.Qd4 Qe5 41.Qxa7 Qxh5 42.Qc5+ Kg7 43.Qd4+ Qe5  0-1

[Event "GMA Baleares Open"]
[Site "Palma de Mallorca"]
[Date "1989.??.??"]
[Round "4"]
[White "Spassov, Liuben"]
[Black "Goldin, Alexander"]
[Result "0-1"]
[WhiteElo "2370"]
[BlackElo "2525"]

1.Nf3 Nf6 2.g3 d5 3.Bg2 c6 4.O-O Bg4 5.d3 Nbd7 6.c4 dxc4 7.dxc4 e5 8.Be3 Qc7
9.Nc3 Be7 10.Qc2 O-O 11.Nh4 g6 12.Bg5 Rfe8 13.h3 Be6 14.b3 Nc5 15.Rac1 Nh5
16.Bxe7 Qxe7 17.Nf3 e4 18.Nd4 e3 19.b4 Nd7 20.Ne4 f5 21.g4 fxg4 22.hxg4 Bxg4
23.fxe3 Ndf6 24.Nxf6+ Nxf6 25.Qc3 Nh5 26.e4 Qe5 27.Qe3 Rad8 28.Rcd1 Ng3 29.Rfe1 Nxe4
30.Rd3 Qg3 31.Red1 Qxe3+ 32.Rxe3 Nf6 33.Rxe8+ Rxe8 34.Rf1 Kg7 35.Bf3 h5 36.Nb3 g5
37.Rd1 Bc8 38.Kf2 g4 39.Bh1 h4 40.Rd4 Kg6 41.Nd2 g3+ 42.Kf3 Kg5 43.e4 Bg4+
44.Ke3 h3 45.Bf3 g2 46.Kf2 Bc8 47.e5 Rxe5 48.Bxg2 Ng4+ 49.Kg1 Re1+ 50.Bf1 Ra1
51.Nf3+ Kf5 52.a4 Be6  0-1

[Event "GMA Baleares Open"]
[Site "Palma de Mallorca"]
[Date "1989.??.??"]
[Round "5"]
[White "Goldin, Alexander"]
[Black "Douven, Rudy C"]
[Result "1-0"]
[WhiteElo "2525"]
[BlackElo "2475"]

1.d4 Nf6 2.c4 e6 3.Nf3 b6 4.g3 Ba6 5.b3 Bb7 6.Bg2 Bb4+ 7.Bd2 c5 8.O-O O-O
9.Bc3 d5 10.Ne5 Nc6 11.Nxc6 Bxc6 12.e3 Qe7 13.Bxb4 cxb4 14.Nd2 Bb7 15.f4 Rac8
16.g4 Rfd8 17.Rc1 Ne8 18.Qe2 Rc7 19.Rc2 Ba6 20.Rfc1 Rdc8 21.e4 dxe4 22.Nxe4 Nf6
23.Nxf6+ Qxf6 24.Qe5 Qg6 25.h3 Bb7 26.f5 exf5 27.gxf5 Qg5 28.Re1 Bc6 29.Kh2 h6
30.Rf2 Kh7 31.d5 Bd7 32.Qe7 Re8 33.Qxg5 hxg5 34.Rxe8 Bxe8 35.Re2 Rc8 36.Re7 a5
37.Rb7 b5 38.cxb5 Rc5 39.b6 Rc2 40.Re7  1-0

[Event "GMA Baleares Open"]
[Site "Palma de Mallorca"]
[Date "1989.??.??"]
[Round "6"]
[White "Ree, Hans"]
[Black "Goldin, Alexander"]
[Result "0-1"]
[WhiteElo "2460"]
[BlackElo "2525"]

1.d4 Nf6 2.c4 e6 3.Nc3 Bb4 4.Qc2 O-O 5.a3 Bxc3+ 6.Qxc3 b6 7.e3 Bb7 8.Nf3 d6
9.b4 Nbd7 10.Bb2 Ne4 11.Qc2 f5 12.Bd3 Ndf6 13.O-O Qe8 14.Ne1 Ng4 15.Qe2 Ngf6
16.f3 Ng5 17.d5 Qh5 18.Nc2 exd5 19.Bxf5 Rae8 20.Rad1 Ne6 21.Bxe6+ Rxe6 22.cxd5 Nxd5
23.Qc4 Kh8 24.e4 Nf4 25.Rd2 Rh6 26.g4 Nh3+ 27.Kh1 Qg5 28.Rfd1 Rxf3  0-1

[Event "GMA Baleares Open"]
[Site "Palma de Mallorca"]
[Date "1989.??.??"]
[Round "7"]
[White "Rantanen, Yrjo A"]
[Black "Goldin, Alexander"]
[Result "0-1"]
[WhiteElo "2380"]
[BlackElo "2525"]

1.e4 c5 2.Nf3 Nc6 3.d4 cxd4 4.Nxd4 Nf6 5.Nc3 d6 6.Be2 e5 7.Nf3 h6 8.O-O Be7
9.Re1 O-O 10.h3 Be6 11.Bf1 Qa5 12.Nd2 Nd4 13.Nc4 Qc5 14.Ne3 Bd8 15.Bd3 Rc8
16.Bd2 a6 17.a3 Kh8 18.Ncd5 Bxd5 19.Bb4 Qb6 20.exd5 a5 21.Bc3 Qc5 22.a4 Bb6
23.Bxd4 Qxd4 24.c3 Qc5 25.Bb5 g6 26.Rc1 Kg7 27.Rc2 Qc7 28.Nc4 Nh5 29.b3 f5
30.Bd7 Rcd8 31.Be6 Nf4 32.Kh2 Rfe8 33.Rd2 e4 34.g3 Nxe6 35.dxe6 Rxe6 36.Kg2 Bc5
37.Rd5 Rf8 38.Re2 f4 39.gxf4 Rxf4 40.b4 axb4 41.cxb4 Bxf2 42.Nxd6 Qc3 43.Rxf2 Rxf2+
44.Kxf2 e3+ 45.Ke2 Qb2+ 46.Kd3 e2  0-1

[Event "GMA Baleares Open"]
[Site "Palma de Mallorca"]
[Date "1989.??.??"]
[Round "8"]
[White "Goldin, Alexander"]
[Black "Klaric, Zlatko"]
[Result "1/2-1/2"]
[WhiteElo "2525"]
[BlackElo "2445"]

1.d4 d5 2.c4 Bf5 3.Qb3 e5 4.Qxb7 Nd7 5.Nc3 exd4 6.Nxd5 Bd6 7.Bf4 Bxf4 8.Nxf4 Ngf6
9.O-O-O c5 10.f3 Rb8 11.Qa6 Qc7 12.g3 Qe5 13.e4 dxe3 14.Qa3 O-O 15.Bd3 Rb4
16.Qc3 Bxd3 17.Rxd3 Ne4 18.Qxe5 Nxe5 19.fxe4 Nxd3+ 20.Nxd3 Rxc4+ 21.Kd1 Rd8
22.Ke2 Rc2+ 23.Kxe3 c4 24.Nf2 Rxb2 25.Nf3 Rxa2 26.Rc1 Ra3+ 27.Ke2 c3 28.Rc2 f6
29.Nd1 Rc8 30.Kd3 a5 31.Nxc3 a4 32.Rc1 Rb3 33.Nd4 Rb4 34.Ra1 Ra8 35.Nc2 Rb3
36.Nd4 Rb4 37.Nc2 Rb3 38.Nd4  1/2-1/2

[Event "Sochi-A"]
[Site "Sochi"]
[Date "1989.??.??"]
[Round "?"]
[White "Vyzmanavin, Alexey"]
[Black "Goldin, Alexander"]
[Result "1/2-1/2"]
[WhiteElo "2555"]
[BlackElo "2525"]

1.d4 Nf6 2.c4 e6 3.Nf3 Bb4+ 4.Bd2 Qe7 5.g3 b6 6.Bg2 Bb7 7.O-O Bxd2 8.Qxd2 d6
9.Nc3 Ne4 10.Nxe4 Bxe4 11.Qf4 f5 12.Ng5 Bxg2 13.Kxg2 Nc6 14.d5 e5 15.Qh4 Nd8
16.e4 fxe4 17.f4 Nf7 18.Nxf7 Qxh4 19.gxh4 Kxf7 20.fxe5+ Ke7 21.e6 Rhf8 22.Rae1 c6
23.Rxe4 Rxf1 24.Kxf1 Rf8+ 25.Ke2 Rf5 26.Rd4 Re5+ 27.Kd3 cxd5 28.cxd5 a6 29.a4 Rf5
30.Kc4 h5 31.Kc3 g6 32.b3 Rf3+ 33.Rd3 Rf5 34.h3 Ke8 35.Rd4 Ke7 36.Kc4 Rf1
37.Rd3 Rf4+ 38.Kc3 Rf5 39.b4 Ke8 40.a5 bxa5 41.bxa5 Ke7 42.Kc4 Rf4+ 43.Rd4 Rf1
44.Rd3 Rf4+ 45.Kc3 Ra4 46.Rd4 Rxa5 47.Kd2 Ra3 48.Rc4 Ra5 49.Rd4 Ra3 50.Rc4 Ra5  1/2-1/2

[Event "Sochi-A"]
[Site "Sochi"]
[Date "1989.??.??"]
[Round "?"]
[White "Schlosser, Michael"]
[Black "Goldin, Alexander"]
[Result "0-1"]
[WhiteElo "2430"]
[BlackElo "2525"]

1.e4 c5 2.Nf3 Nc6 3.d4 cxd4 4.Nxd4 Nf6 5.Nc3 d6 6.Bc4 Qb6 7.Nb3 a6 8.Be3 Qd8
9.Nd4 Ng4 10.O-O Nce5 11.Bb3 Nxe3 12.fxe3 e6 13.Qh5 g6 14.Qh3 Bg7 15.Rf2 O-O
16.Raf1 Bd7 17.Nb1 b5 18.Nd2 Rc8 19.Qg3 Qe7 20.N2f3 a5 21.a3 a4 22.Ba2 Nc4
23.Bxc4 bxc4 24.e5 dxe5 25.Nxe5 Be8 26.c3 Qc7 27.Rf6 Qb8 28.Qf4 Rc5 29.Nxe6 Qxe5
30.Nxc5 Bxf6 31.Qxf6 Qxc5 32.Kh1 Qxe3 33.h3 Qe6 34.Qf4 Bc6 35.Qg3 Qe4 36.Qf2 Qd5
37.Kh2 Re8  0-1

[Event "Sochi-A"]
[Site "Sochi"]
[Date "1989.??.??"]
[Round "?"]
[White "Ulibin, Mikhail"]
[Black "Goldin, Alexander"]
[Result "1-0"]
[WhiteElo "2495"]
[BlackElo "2525"]

1.e4 e5 2.Nf3 Nc6 3.Bb5 a6 4.Ba4 Nf6 5.O-O Be7 6.Bxc6 dxc6 7.d3 Qd6 8.Nbd2 Be6
9.Qe2 Nd7 10.Nc4 Bxc4 11.dxc4 Qe6 12.a4 a5 13.b3 O-O 14.Bb2 Rad8 15.Rad1 f6
16.Nh4 g6 17.g3 Nc5 18.Ng2 b6 19.Rde1 Nb7 20.f4 Bb4 21.f5 Qe7 22.c3 Bc5+
23.Kh1 g5 24.Bc1 Rd7 25.h4 h6 26.Ne3 Bxe3 27.Bxe3 Rfd8 28.hxg5 hxg5 29.Kg2 Nc5
30.Rh1 Qg7 31.Qg4 Nd3 32.Rb1 Nf4+ 33.Kf2 Rd3 34.Rbe1 Rxc3 35.gxf4 exf4 36.Bc1 Qd7
37.Bxf4 Rc2+ 38.Kf3 Qd3+ 39.Be3 Re8 40.Rh6 Qxb3 41.Qh3  1-0

[Event "Sochi-A"]
[Site "Sochi"]
[Date "1989.??.??"]
[Round "?"]
[White "Pigusov, Evgeny"]
[Black "Goldin, Alexander"]
[Result "1/2-1/2"]
[WhiteElo "2560"]
[BlackElo "2525"]

1.c4 e5 2.g3 Nf6 3.Bg2 d5 4.cxd5 Nxd5 5.Nc3 Nb6 6.Nf3 Nc6 7.O-O Be7 8.a3 O-O
9.b4 Re8 10.Rb1 Bf8 11.d3 Nd4 12.Nd2 c6 13.Nb3 Nxb3 14.Qxb3 Be6 15.Qc2 Rc8
16.Ne4 Bd5 17.Bh3 Be6 18.Bxe6 Rxe6 19.Nc5 Re7 20.e4 Rec7 21.Be3 Nd7 22.Rfd1 b6
23.Nxd7  1/2-1/2

[Event "Sochi-A"]
[Site "Sochi"]
[Date "1989.??.??"]
[Round "?"]
[White "Goldin, Alexander"]
[Black "Ruban, Vadim"]
[Result "1-0"]
[WhiteElo "2525"]
[BlackElo "2515"]

1.d4 Nf6 2.c4 e6 3.Nc3 Bb4 4.Qc2 O-O 5.a3 Bxc3+ 6.Qxc3 b6 7.Bg5 Bb7 8.f3 d5
9.e3 Nbd7 10.Nh3 h6 11.Bh4 c5 12.cxd5 exd5 13.Bb5 Ne4 14.Bxd8 Nxc3 15.bxc3 Rfxd8
16.a4 Rac8 17.Kd2 Nb8 18.a5 a6 19.Bd3 b5 20.Nf4 Rc7 21.g4 Nc6 22.Rhc1 Ne7
23.h4 Nc8 24.Rg1 g6 25.dxc5 Rxc5 26.g5 h5 27.Bxg6 d4 28.Bd3 dxc3+ 29.Ke2 Ne7
30.Rad1 Rdc8 31.Bc2 Ng6 32.Nxh5 Nxh4 33.e4 Ng6 34.Rd7 Bc6 35.Rd4 Rb8 36.f4 b4
37.Rb1 Bb5+ 38.Ke3 Kf8 39.Rbxb4 Ke7 40.Ng3 Rh8 41.Nf5+ Rxf5 42.exf5 Rh3+
43.Ke4 Bc6+ 44.Rd5 Nxf4 45.f6+ Ke6 46.Rb6  1-0

[Event "Sochi-A"]
[Site "Sochi"]
[Date "1989.??.??"]
[Round "?"]
[White "Goldin, Alexander"]
[Black "Razuvaev, Yuri S"]
[Result "1/2-1/2"]
[WhiteElo "2525"]
[BlackElo "2545"]

1.d4 Nf6 2.c4 e6 3.Nf3 b6 4.g3 Bb7 5.Bg2 Be7 6.O-O O-O 7.Nc3 Ne4 8.Nxe4 Bxe4
9.Ne1 Bxg2 10.Nxg2 d5 11.cxd5 exd5 12.Bf4  1/2-1/2

[Event "Sochi-A"]
[Site "Sochi"]
[Date "1989.??.??"]
[Round "?"]
[White "Goldin, Alexander"]
[Black "Lautier, Joel"]
[Result "1-0"]
[WhiteElo "2525"]
[BlackElo "2465"]

1.d4 Nf6 2.c4 e6 3.g3 Bb4+ 4.Bd2 c5 5.Bxb4 cxb4 6.Bg2 O-O 7.Nf3 d6 8.O-O Qe7
9.a3 bxa3 10.b4 b6 11.Rxa3 Bb7 12.Nbd2 Nc6 13.Qb3 a5 14.bxa5 Rxa5 15.Rxa5 bxa5
16.Qb6 Rb8 17.Rb1 Ne8 18.d5 exd5 19.cxd5 Ba8 20.Qa6 Rxb1+ 21.Nxb1 Qa7 22.Qc4 Ne7
23.Nc3 Qc7 24.Nd2 Qb6 25.e4 Kf8 26.Nb3 Nf6 27.h3 Nd7 28.Qa4 Nc5 29.Qxa5 Qxa5
30.Nxa5 f5 31.e5 Nc8 32.f4 Ke8 33.Nb5 Kd7 34.Nc4 Ne4 35.Bxe4 fxe4 36.e6+ Kd8
37.Nc3 Ne7 38.Ne3 Kc7 39.f5 Kb6 40.Nxe4 Nxd5 41.Nxd5+ Bxd5 42.e7  1-0

[Event "Sochi-A"]
[Site "Sochi"]
[Date "1989.??.??"]
[Round "?"]
[White "Goldin, Alexander"]
[Black "Khalifman, Alexander"]
[Result "1/2-1/2"]
[WhiteElo "2525"]
[BlackElo "2545"]

1.d4 d6 2.Nf3 Bg4 3.e4 Nf6 4.Nc3 e6 5.Be2 Be7 6.O-O O-O 7.Be3 d5 8.exd5 Nxd5
9.Nxd5 exd5 10.Ne5 Bxe2 11.Qxe2 Nd7 12.Nxd7 Qxd7 13.Bf4  1/2-1/2

[Event "Tirnavia-B"]
[Site "Trnava"]
[Date "1989.??.??"]
[Round "2"]
[White "Goldin, Alexander"]
[Black "Lechtynsky, Jiri"]
[Result "1/2-1/2"]
[WhiteElo "2535"]
[BlackElo "2450"]

1.d4 Nf6 2.c4 g6 3.g3 c6 4.Bg2 d5 5.Nf3 Bg7 6.O-O O-O 7.Qa4 a5 8.cxd5 b5
9.Qd1 cxd5 10.Nc3 Ba6 11.Ne5 e6 12.Bf4 Nfd7 13.Nf3 Nb6 14.Rc1 N8d7 15.Re1 Qe7
16.e4 b4 17.Na4 dxe4 18.Rxe4 Nxa4 19.Qxa4 Nb6 20.Qxa5 Bb7 21.Qxb6 Bxe4 22.Bd6 Qb7
23.Qxb7 Bxb7 24.Bxf8 Kxf8 25.Rc7 Bxf3 26.Bxf3 Rxa2 27.d5 Be5 28.Rc8+ Ke7
29.b3 Rb2 30.dxe6 fxe6 31.Ra8 Bd4 32.Bg4 h5 33.Bh3 Rxf2 34.Kh1 Bc5 35.Ra6 Bd6
36.Ra7+ Kf6 37.Ra6 Ke5 38.Ra5+ Kf6 39.Ra6 Ke7 40.Ra7+ Kf6 41.Ra6 Rd2 42.Bf1 h4
43.gxh4 Rxh2+ 44.Kg1 Rd2 45.Bc4 e5 46.Ra5 Rd4 47.Rd5 Rg4+ 48.Kh2 Ke7 49.Kh3 Rf4
50.Rd1 e4 51.Rf1 Rf5 52.Re1 Rf3+ 53.Kg2 Rg3+ 54.Kf1 e3 55.Re2 Kf6 56.Rg2 Rh3
57.Ke2 Kf5 58.Bd3+ Kf4 59.Bxg6 Rxh4 60.Bf7 Ke4 61.Be6 Bf4 62.Bc4 Rh1 63.Bd3+ Kd4
64.Bc4 Kc3 65.Kf3 Bh6 66.Rg6 Rh2 67.Rg2 Rh5 68.Ke2 Rh4 69.Kf3 Rf4+ 70.Ke2 Rd4
71.Kf3 Rd2 72.Be2 Rd6 73.Bc4 Rf6+ 74.Ke2 Rf8 75.Rh2 Bg5 76.Rg2 Rf5 77.Be6 Re5
78.Bc4 Be7 79.Kd1 Bc5 80.Rc2+ Kd4 81.Be2 Kd5 82.Bf3+ Ke6 83.Rh2 Be7 84.Ke2 Bg5
85.Rh8 Kf5 86.Rf8+ Kg6 87.Rg8+ Kf7 88.Rb8 Be7 89.Rb6 Bc5 90.Rh6 Be7 91.Rc6 Kg7
92.Rc4 Bc5 93.Re4 Rf5 94.Rh4 Rf7 95.Rg4+ Kf8 96.Rg5 Rc7 97.Bd5 Rh7 98.Bg2 Ba7
99.Rb5 Rh2 100.Kf3 Rh4 101.Bf1 Rh2 102.Bg2 Bd4 103.Rxb4 e2 104.Kxe2 Rxg2+
105.Kd3 Bc5 106.Re4 Be7 107.Kc4 Ke8 108.Rd4 Rg6 109.b4 Rb6 110.b5 Bd6 111.Rd1 Kd7
112.Ra1 Rb8 113.Rh1 Rc8+ 114.Kd4 Rg8 115.Rh7+ Be7 116.Rh6 Rg4+ 117.Kd3 Rg5
118.b6 Bd6 119.Kd4 Rb5 120.Rh7+ Kc6 121.b7 Bc7 122.Rh6+ Kxb7 123.Kc4 Rg5
124.Rf6 Bd8 125.Rh6 Kc7 126.Kd4 Kd7 127.Ke4 Bc7 128.Kd4 Bd6 129.Ke4 Kc6 130.Rh8 Rg4+
131.Kd3 Kd5 132.Rd8 Rg3+ 133.Ke2 Ke5 134.Kf2 Rb3 135.Ke2 Bc5 136.Rh8 Re3+
137.Kd2 Rg3 138.Ke2 Bd4 139.Rh5+ Ke4 140.Rh4+ Kd5 141.Rh7 Kc4 142.Re7 Rg2+
143.Kf3 Rf2+ 144.Kg4 Kd5 145.Re8 Bc5 146.Ra8 Ke4 147.Ra4+ Bd4 148.Kg3 Rf8
149.Kg4 Rg8+ 150.Kh4 Rg1 151.Rb4 Ke5 152.Kh3 Kd5 153.Ra4 Ke4 154.Kh4 Rg8
155.Rb4 Rc8 156.Kg4 Rc3 157.Ra4 Ke5 158.Ra8 Bc5 159.Re8+ Kd5 160.Re1 Bd4
161.Kf5 Rf3+ 162.Kg4 Rf8 163.Re2 Be5 164.Ra2 Rf4+ 165.Kg5 Rf3 166.Kg4 Rf1
167.Ra5+ Ke6 168.Ra6+ Bd6 169.Ra4 Rg1+ 170.Kf3 Kf5 171.Ra5+ Be5 172.Ra4 Rg3+
173.Ke2 Bf4 174.Ra8 Rb3 175.Rf8+ Ke4 176.Re8+ Be5 177.Re7 Re3+ 178.Kd2 Ra3  1/2-1/2

[Event "Tirnavia-B"]
[Site "Trnava"]
[Date "1989.??.??"]
[Round "3"]
[White "Bilek, Istvan"]
[Black "Goldin, Alexander"]
[Result "1/2-1/2"]
[WhiteElo "2410"]
[BlackElo "2535"]

1.Nf3 d6 2.d4 Bg4 3.g3 Nd7 4.Bg2 e5 5.c3 c6 6.Nbd2 Ngf6 7.O-O Be7 8.h3 Bxf3
9.Bxf3 exd4 10.cxd4 d5 11.Bg2 O-O 12.b3 Re8 13.e3 Bd6 14.Bb2 Qc7 15.Rc1 Nf8
16.Re1 Qd7 17.Qf3 Ne6 18.Qf5 Bb4 19.Red1 Qe7 20.Bc3 a5 21.a4 Rad8 22.Bxb4 Qxb4
23.Qd3 Re7 24.h4 Rde8 25.Bh3 Qd6 26.Kg2 g6 27.Qc3 Qc7 28.Rb1 h5 29.b4 axb4
30.Rxb4 Ng4 31.Rdb1 Nd8 32.Re1  1/2-1/2

[Event "Tirnavia-B"]
[Site "Trnava"]
[Date "1989.??.??"]
[Round "4"]
[White "Goldin, Alexander"]
[Black "Lanc, Alois"]
[Result "1-0"]
[WhiteElo "2535"]
[BlackElo "2410"]

1.Nf3 Nf6 2.c4 g6 3.g3 Bg7 4.Bg2 O-O 5.O-O d5 6.cxd5 Nxd5 7.Nc3 c5 8.d4 cxd4
9.Nxd4 Nxc3 10.bxc3 Qa5 11.Qb3 Nc6 12.Be3 Nxd4 13.cxd4 Rb8 14.Rac1 Bg4 15.d5 Bxe2
16.Rfe1 Bg4 17.h3 Bd7 18.Bf4 Rbe8 19.Qxb7 Bb5 20.Rxe7 Rxe7 21.Qxe7 Bb2 22.Rc7 Qxa2
23.Bh6 Qa1+ 24.Kh2 Ba3 25.d6  1-0

[Event "Tirnavia-B"]
[Site "Trnava"]
[Date "1989.??.??"]
[Round "5"]
[White "Cvetkovic, Srdjan"]
[Black "Goldin, Alexander"]
[Result "0-1"]
[WhiteElo "2460"]
[BlackElo "2535"]

1.c4 e5 2.Nc3 Nf6 3.Nf3 Nc6 4.g3 d5 5.cxd5 Nxd5 6.Bg2 Nb6 7.O-O Be7 8.a3 O-O
9.b4 Re8 10.d3 Bf8 11.Bb2 Bg4 12.Nd2 Qd7 13.Re1 Rab8 14.Nb3 Nd4 15.Ne4 c6
16.Nec5 Bxc5 17.Nxc5 Qe7 18.h3 Bh5 19.g4 Bg6 20.e3 Nb5 21.f4 f6 22.g5 fxg5
23.Bxe5 Rbd8 24.a4 Nd6 25.a5 Nd5 26.Bxd5+ cxd5 27.Bxd6 Rxd6 28.fxg5 b6 29.axb6 axb6
30.Nb3 Qxg5+ 31.Qg4 Qxg4+ 32.hxg4 Bxd3 33.Kf2 Rg6 34.Rg1 Rf6+ 35.Ke1 Bc4
36.Nd2 Rxe3+ 37.Kd1 Rf2 38.Nxc4 dxc4 39.Ra8+ Kf7 40.Rb8 Rd3+ 41.Kc1 Rc3+
42.Kd1 Ra3 43.Rb7+ Ke6 44.Rxb6+ Kd7  0-1

[Event "Tirnavia-B"]
[Site "Trnava"]
[Date "1989.??.??"]
[Round "6"]
[White "Goldin, Alexander"]
[Black "Ostenstad, Berge"]
[Result "1-0"]
[WhiteElo "2535"]
[BlackElo "2410"]

1.d4 Nf6 2.c4 e6 3.Nf3 d5 4.Nc3 Be7 5.Bg5 O-O 6.e3 Nbd7 7.Rc1 a6 8.c5 c6
9.Bd3 e5 10.dxe5 Ne8 11.Bf4 Nxc5 12.Bb1 f5 13.exf6 Nxf6 14.Nd4 Ne6 15.Bg3 Nxd4
16.Qxd4 Be6 17.O-O Bd6 18.Ne2 Bxg3 19.Nxg3 a5 20.Rfd1 Qc7 21.a3 Nd7 22.Ba2 Qb6
23.Ne4 Qd8 24.Nc3 Qe7 25.e4 Qg5 26.exd5 Bh3 27.dxc6+ Kh8 28.g3 Ne5 29.f4 Nf3+
30.Kh1 Nxd4 31.fxg5 Nxc6 32.Rd2 Ne5 33.Bd5 Rad8 34.Rdc2 b6 35.Bg2 Bf5 36.Re2 Nd3
37.Rf1 Nc5 38.Ref2  1-0

[Event "Tirnavia-B"]
[Site "Trnava"]
[Date "1989.??.??"]
[Round "7"]
[White "Stohl, Igor"]
[Black "Goldin, Alexander"]
[Result "1/2-1/2"]
[WhiteElo "2455"]
[BlackElo "2530"]

1.d4 Nf6 2.c4 e6 3.Nc3 Bb4 4.Qc2 O-O 5.Bg5 c5 6.e3 h6 7.Bh4 cxd4 8.exd4 b6
9.Bd3 Bb7 10.Ne2 Be7 11.O-O Nc6 12.a3 d5 13.Rad1 Rc8 14.Bxf6 Bxf6 15.cxd5 exd5
16.Bh7+ Kh8 17.Bf5 Rc7 18.Bg4 Re8 19.Bf3 Na5 20.Nf4 Bg5 21.Nh3 Bf6 22.Nf4 Bg5  1/2-1/2

[Event "Tirnavia-B"]
[Site "Trnava"]
[Date "1989.??.??"]
[Round "8"]
[White "Goldin, Alexander"]
[Black "Blatny, Pavel"]
[Result "0-1"]
[WhiteElo "2535"]
[BlackElo "2450"]

1.Nf3 Nf6 2.c4 e6 3.g3 d5 4.Bg2 dxc4 5.Qa4+ Nbd7 6.Qxc4 c5 7.d3 a6 8.Qb3 Qc7
9.a4 b6 10.Bf4 Bd6 11.Nd4 Nd5 12.Bxd6 Qxd6 13.Nf5 Qe5 14.Ne3 Bb7 15.Nd2 Rb8
16.Nec4 Qc7 17.O-O O-O 18.Rfc1 Ne7 19.Bxb7 Qxb7 20.Nf3 Qd5 21.Qc3 Nc6 22.Ne3 Qd6
23.Nc4 Qd5 24.a5 Nd4 25.Nxd4 cxd4 26.Qb4 b5 27.Nd2 Rfc8 28.Ne4 f5 29.Ng5 Nc5
30.Rd1 h6 31.Nf3 e5 32.Nh4 Qe6 33.Rac1 Nd7 34.Nf3 Kf7 35.Nd2 Nf6 36.Nb3 Nd5
37.Qd2 Qd6 38.Rxc8 Rxc8 39.Rc1 Rc6 40.Rc2 Qc7 41.Rxc6 Qxc6 42.f4 Ne3  0-1

[Event "Tirnavia-B"]
[Site "Trnava"]
[Date "1989.??.??"]
[Round "9"]
[White "Sikora Lerch, Jan"]
[Black "Goldin, Alexander"]
[Result "0-1"]
[WhiteElo "2375"]
[BlackElo "2535"]

1.e4 c5 2.Nf3 Nc6 3.d4 cxd4 4.Nxd4 Nf6 5.Nc3 d6 6.Bc4 Qb6 7.Ndb5 a6 8.Be3 Qa5
9.Nd4 e6 10.O-O Ne5 11.Bd3 b5 12.a4 b4 13.Nce2 Bb7 14.f3 d5 15.Qe1 dxe4 16.fxe4 Bd6
17.Kh1 Ng6 18.Ng3 h5 19.Rd1 h4 20.Ngf5 exf5 21.Nxf5 O-O-O 22.Qf2 h3 23.Nxd6+ Rxd6
24.Bc5 hxg2+ 25.Kxg2 Rxh2+  0-1

[Event "Tirnavia-B"]
[Site "Trnava"]
[Date "1989.??.??"]
[Round "10"]
[White "Goldin, Alexander"]
[Black "Banas, Jan"]
[Result "1-0"]
[WhiteElo "2535"]
[BlackElo "2410"]

1.d4 Nf6 2.c4 g6 3.g3 Bg7 4.Bg2 d5 5.cxd5 Nxd5 6.e4 Nb4 7.d5 c6 8.a3 Qa5
9.Nc3 cxd5 10.Be3 d4 11.axb4 Qd8 12.e5 dxc3 13.Qxd8+ Kxd8 14.bxc3 Bxe5 15.Ne2 Nd7
16.O-O a6 17.Rfd1 Kc7 18.Nf4 Bxf4 19.Bxf4+ e5 20.Be3 f5 21.Ra5 Re8 22.b5 Re6
23.Ra2 Rb8 24.c4 Kd8 25.Bd5 Re8 26.b6 Ke7 27.f4 e4 28.Rad2 Kf8 29.Bd4 a5
30.Ra2 Ra8 31.Rda1 e3 32.Kf1 Ra6 33.Rxa5 Nxb6 34.Rxa6 Nxd5 35.R6a3 e2+ 36.Ke1 Ne7
37.Bc5 Kf7 38.Re3 Be6 39.Ra7 Bxc4 40.Rxb7 Be6 41.Kxe2 Kf6 42.Kf2 Kf7 43.Rc7  1-0

[Event "Tirnavia-B"]
[Site "Trnava"]
[Date "1989.??.??"]
[Round "12"]
[White "Schlosser, Michael"]
[Black "Goldin, Alexander"]
[Result "0-1"]
[WhiteElo "2440"]
[BlackElo "2535"]

1.e4 c5 2.Nf3 Nc6 3.d4 cxd4 4.Nxd4 Nf6 5.Nc3 d6 6.Bc4 Qb6 7.Nb3 e6 8.O-O a6
9.Bg5 Ne5 10.Be2 Be7 11.a4 O-O 12.a5 Qc7 13.Nd2 Bd7 14.f4 Ng6 15.Nc4 Bc6
16.f5 Nxe4 17.Nxe4 Bxe4 18.Bxe7 Nxe7 19.fxe6 Qc5+ 20.Kh1 Nf5 21.Rxf5 Qxf5
22.e7 Rfe8 23.Nxd6 Qg6 24.Nxe4 Qxe4 25.Bf3 Qxe7 26.Bd5 Rad8 27.c4 Rd7 28.h3 Qf6
29.b4 Rde7 30.Rc1 Qb2 31.Rb1 Qf2 32.Qa4 Re1+ 33.Rxe1 Rxe1+  0-1

[Event "Tirnavia-B"]
[Site "Trnava"]
[Date "1989.??.??"]
[Round "13"]
[White "Goldin, Alexander"]
[Black "Savon, Vladimir A"]
[Result "1/2-1/2"]
[WhiteElo "2535"]
[BlackElo "2425"]

1.d4 d5 2.c4 c6 3.Nf3 Nf6 4.cxd5 cxd5 5.Nc3 Nc6 6.Bf4 Bf5 7.e3 e6 8.Bd3 Bxd3
9.Qxd3 Bd6 10.Bxd6 Qxd6 11.O-O O-O 12.Rfc1 Rfc8 13.Ne2 Ne7 14.Rxc8+ Rxc8
15.Rc1 Rxc1+ 16.Nxc1 Nc6  1/2-1/2

[Event "Baden-Baden op"]
[Site "Baden-Baden"]
[Date "1990.??.??"]
[Round "1"]
[White "Goldin, Alexander"]
[Black "Metz, Hartmut"]
[Result "1-0"]
[WhiteElo "2535"]
[BlackElo "2255"]

1.d4 Nf6 2.c4 g6 3.g3 Bg7 4.Bg2 O-O 5.Nc3 c6 6.e4 d6 7.Nge2 e5 8.O-O Qe7
9.h3 Nbd7 10.Bg5 h6 11.Be3 Re8 12.d5 c5 13.Qd2 Kh7 14.a3 Nb6 15.Qd3 Bd7 16.b4 Nc8
17.Rfb1 b6 18.a4 Rb8 19.a5 bxa5 20.bxc5 Rxb1+ 21.Qxb1 dxc5 22.Rxa5 Qd8 23.Qa2 Bf8
24.Bxc5 Bxc5 25.Rxc5 Nh5 26.Ra5 f5 27.c5 Re7 28.exf5 gxf5 29.d6 Rg7 30.c6 Bxc6
31.Bxc6 Qxd6 32.Qd5 Rc7 33.Qxd6 Nxd6 34.Bf3 Nc4 35.Ra6 Ng7 36.Nd5 Rf7 37.Nf6+ Kh8
38.Bd5  1-0